Personnages Bambi par images - Statistiques

Statistiques générales
  • Ce quiz a été pris 43 fois
  • Le résultat moyen est 5 sur 8
Statistiques - réponses
Par images Réponse % Correct
Bambi
100%
Panpan
100%
Fleur
94%
Féline
62%
Monsieur Hibou
41%
Mère de Bambi
26%
Le Grand Prince de la Forêt
15%
Miss Bunny
12%
Aucun quiz correspondant
Distribution des résultats
% des personnes avec chaque résultat
Percentile par nombre de réponses
Votre historique - résultats
Vous n’avez pas pris ce quiz